| 000 | 00501nam a2200193 4500 | ||
|---|---|---|---|
| 003 | OSt | ||
| 005 | 20151105180313.0 | ||
| 008 | 151105b xxu||||| |||| 00| 0 eng d | ||
| 020 | _a0852974906 | ||
| 040 | _cDDC | ||
| 050 |
_a332.112 _b HUD 1998 |
||
| 100 |
_aRobert, Hudson; Colley Alan;Largan Mark; _96008 |
||
| 245 | _aTreasury Management | ||
| 260 |
_auk _bCIB publishing _c1998 |
||
| 300 |
_axii,473p; _bill; _c26cm |
||
| 504 | _aincludes index | ||
| 650 |
_aManagement _9364 |
||
| 942 |
_2ddc _cSLOAN |
||
| 999 |
_c2439 _d2439 |
||